|
|
|
|
| LEADER |
00000cam a2200000 a 4500 |
| 001 |
64741 |
| 003 |
Ucuenca |
| 005 |
20230308160956.0 |
| 008 |
992063|1986 us |||||r|||||||||||spa|| |
| 020 |
|
|
|a 0 521 31760 6
|
| 040 |
|
|
|b spa
|
| 041 |
0 |
|
|a eng
|
| 082 |
0 |
|
|a 428
|
| 245 |
|
|
|a Effective reading. Reading skills for advanced students. Teacher's book
|c Simon Greenall and Michael Swan
|h imp
|
| 264 |
|
|
|a New York
|b Cambridge University Press
|c 1986
|
| 300 |
|
|
|a 124 páginas:
|c 23 cm
|b tab
|
| 500 |
|
|
|a Grupo 1: Reading.
|
| 504 |
|
|
|a incl. ref.
|
| 520 |
3 |
|
|a Viene del Departamento de Idiomas.
|
| 650 |
|
|
|a Metodo de ingles
|9 21969
|
| 650 |
|
|
|a Segunda lengua
|9 21970
|
| 700 |
1 |
|
|9 22727
|a Greenall, Simon
|
| 700 |
1 |
|
|9 22136
|a Swan, Michael
|
| 852 |
|
|
|a UC-CDJBV
|f Donación
|k npena
|l 1
|m General
|p 19920630
|r 2
|t 64741
|b 0
|d CDRC
|e CDRC
|g 428 SEGUNDO PISO
|z 1992-20-63
|
| 942 |
|
|
|c BK
|
| 999 |
|
|
|c 12977
|d 12977
|